| 000 | 00499nam a22001697a 4500 | ||
|---|---|---|---|
| 005 | 20250120164328.0 | ||
| 008 | 250120b |||||||| |||| 00| 0 eng d | ||
| 020 | _a81-7496-812-1 | ||
| 050 | _aHF5667 SHA | ||
| 100 | _aSharma S. D. | ||
| 245 |
_a Taxmann's Auditing: _bPrinciples and Practice _cS. D. Sharma |
||
| 250 | _a3rd Ed. | ||
| 260 |
_aNew Delhi _bTaxmann Allied Services (P.) Ltd. _c2006 |
||
| 300 |
_a(various pagings.) _c24 cm x 16 cm |
||
| 650 | _2Auditing | ||
| 942 |
_2lcc _cBK _e3rd Ed. _n0 |
||
| 999 |
_c2732 _d2732 |
||